000 02518cam a22006494i 4500
003 PE-LiUPU
005 20250731170445.0
008 150706s2008 mx r 000 0 spa d
020 _a978970106738X
035 _a(Sirsi) i978970106738X
040 _aPE-LiUPU
_bspa
_cPE-LiUPU
_dPE-LiUPU
_erda
049 _aPRUA
082 0 4 _a158.1
_bE96
_221
100 1 _aEverett, Lesley,
_eautor.
245 1 0 _aMejore su imagen :
_bdestaque en su lugar de trabajo con confianza y estilo /
_cLesly Everett.
264 1 _aMéxico :
_bMcGraw Hill,
_c[2008].
300 _a211 páginas ;
_c23 centímetros
336 _atext
_2rdacontent
337 _aunmediated
_2rdamedia
338 _avolume
_2rdacarrier
505 0 _a¿Cómo es mi imagen? -- Su paquete personal -- Observe el negocio: consejos para mujeres -- estilo del conocedor -- El poder de lo casual -- El lenguaje corporal -- ¿Está siendo escuchado? -- Agregue presentaciones impactantes -- Venderse usted mismo: entrevistas y reuniones.
526 _aSEG68
526 _aSEG70
526 _aSEG69
526 _aSEG67
526 _aSEG43
526 _aP144
526 _aP143
526 _aP131
526 _aP122
526 _aP120
526 _aP117
526 _aP112
526 _aP110
526 _aP106
526 _aP101
526 _aP80
526 _aP59
526 _aP54
526 _aP35
526 _aP33
526 _aP30
541 _g045-0002132;
541 _g045-0002132;
650 0 4 _aAutoimagen corporal.
650 0 4 _aAutorrealización (Psicología).
650 0 4 _aExito (Autoeducación).
650 0 4 _aPersonalidad.
_91760
910 _agl20090807
942 _2ddc
_cBOOK
949 _a158.1 E96
_wDEWEY
_c1
_i59897
_lCCODEBUL1
_mBUL
_p23.00
_r0
_sY
_tBOOK
_u2015-7-6
_xFCE
_zAGB
_0COMPRA
_o.STAFF. Colección Ciencias de la Salud
949 _a158.1 E96
_wDEWEY
_c2
_i59896
_lCCODEBUL1
_mBUL
_p23.00
_r0
_sY
_tBOOK
_u2015-7-6
_xFCE
_zAGB
_0COMPRA
_o.STAFF. Colección Ciencias de la Salud
994 _aC0
_bPEPRU
596 _a1
999 _a158.1 E96
_wDEWEY
_c49425
_i59897
_f2021-11-3
_g7
_lCCODEBUL1
_mBUL
_p23.00
_q1
_r0
_sY
_tBOOK
_u2015-7-6
_xSALUD
_zUNKNOWN
_0COMPRA
_o.STAFF. Colección Ciencias de la Salud
_d49425
999 _a158.1 E96
_wDEWEY
_c2
_i59896
_f2021-11-3
_g7
_lCCODEBUL1
_mBUL
_p23.00
_q1
_r0
_sY
_tBOOK
_u2015-7-6
_xSALUD
_zUNKNOWN
_0COMPRA
_o.STAFF. Colección Ciencias de la Salud
980 _81
_gALBERTO SANCHEZ Responsable de Automatización